000 00971cam a22002891 4500
001 15991
003 BD-RjUL
005 20211208235928.0
008 140211t1967 nyua b 001 0 eng
035 _a(BD-RjUL) 16046
035 _a(OCoLC)191288
040 _aDLC
_cOUrC
_dOCoLC
_dUk
_dDLC
_dBD-RjUL
_beng
041 _aeng
082 0 0 _a658.00184
_bJOT 1967
100 1 _aJohnson, Richard Arvid,
_d1917-
_949532
245 1 4 _aThe theory and management of systems /
_c[by] Richard A. Johnson, Fremont E. Kast [and] James E. Rosenzweig.
250 _a2nd ed.
260 _aNew York :
_bMcGraw-Hill Book Co.,
_cc1967
300 _axiv, 513 p. :
_bill. ;
_c23 cm.
504 _aincludes index.
650 0 _aOperations research.
_949533
650 0 _aIndustrial management.
_949534
700 1 _aKast, Fremont Ellsworth,
_d1926-
_ejoint author.
_949535
700 1 _aRosenzweig, James Erwin,
_d1929-
_ejoint author.
_949536
942 _2ddc
_cBK
999 _c15991
_d15991